|
|
|
|
| LEADER |
00000nam a2200000 4500 |
| 001 |
vtls012291029 |
| 003 |
SK-MaSNL |
| 005 |
20260505092118.0 |
| 008 |
260205s2025 xo oa g n 000 0 slo |
| 020 |
|
|
|a 9788022421508
|q (brožované)
|
| 038 |
|
|
|a SNK
|
| 040 |
|
|
|a SNK
|b slo
|c SNK
|e rda
|
| 041 |
0 |
|
|a slo
|a cze
|b cze
|b eng
|b slo
|
| 044 |
|
|
|a xo
|c SK
|
| 072 |
|
7 |
|a 34
|x Právo
|2 konspekt
|
| 080 |
|
|
|a 34
|2 2011
|
| 080 |
|
|
|a (082)
|2 2011
|
| 080 |
|
|
|a (082.2)
|2 2011
|
| 245 |
0 |
0 |
|a Pari Passu
|b pocta k životnému jubileu Eduarda Báránya
|c editorka: Lucia Berdisová
|
| 246 |
3 |
0 |
|a Pocta k životnému jubileu Eduarda Báránya
|
| 264 |
|
1 |
|a Bratislava
|b Veda
|c 2025
|
| 300 |
|
|
|a 128 strán
|b fotografia, tabuľka
|c 24 cm
|
| 336 |
|
|
|a text
|b txt
|2 rdacontent
|
| 337 |
|
|
|a bez média
|b n
|2 rdamedia
|
| 338 |
|
|
|a zväzok
|b nc
|2 rdacarrier
|
| 500 |
|
|
|a Obsahuje výber z publikačnej činnosti Eduarda Báránya
|
| 500 |
|
|
|a Obsahuje poznámky pod čiarou
|
| 504 |
|
|
|a Obsahuje bibliografiu za jednotlivými príspevkami, bibliografické odkazy
|
| 546 |
|
|
|a Anglilcké, české a slovenské abstrakty a kľúčové slová ; čiastočný text v češtine
|
| 600 |
1 |
7 |
|a Bárány, Eduard,
|d 1955-
|2 SNKMA
|9 238602
|
| 650 |
0 |
7 |
|a právo
|2 SNKPH
|9 976
|
| 650 |
0 |
7 |
|a Law
|2 SNKPHeng
|9 265417
|
| 655 |
|
7 |
|a zborníky
|2 SNKPH
|9 70165
|
| 655 |
|
7 |
|a jubilejné publikácie
|2 SNKPH
|9 70339
|
| 655 |
|
7 |
|a Papers of several authors
|2 SNKPHeng
|9 153738
|
| 655 |
|
7 |
|a Jubilee books
|2 SNKPHeng
|9 281827
|
| 700 |
1 |
|
|a Beran, Karel,
|d 1975-
|4 rev
|9 567494
|
| 700 |
1 |
|
|a Laclavíková, Miriam,
|d 1975-
|4 rev
|9 134975
|
| 700 |
1 |
|
|a Petržalka, Marek
|4 bjd
|9 232784
|
| 700 |
1 |
|
|a Berdisová, Lucia,
|d 1982-
|4 edt
|9 233224
|
| 852 |
|
|
|a Slovenská národná knižnica
|
| 919 |
|
|
|a 978-80-224-2150-8
|
| 999 |
|
|
|c 3369321
|d 3371251
|